书目信息 |
| 题名: |
毕加索
|
|
| 作者: | 潘罗斯 著 ;周国珍 , 林相周 译 | |
| 分册: | ||
| 出版信息: | 桂林 广西师范大学出版社 2002 |
|
| 页数: | 428页 | |
| 开本: | 21cm | |
| 丛书名: | 贝贝特·艺术广场 | |
| 单 册: | ||
| 中图分类: | K835.515.72 | |
| 科图分类: | ||
| 主题词: | 人物传记 | |
| 电子资源: | ||
| ISBN: | 7-5633-3724-5 | |
| 000 | 00942nam0 2200277 45 | |
| 001 | 0304090937 | |
| 005 | 20050321083357.5 | |
| 010 | @a7-5633-3724-5@dCNY29.80 | |
| 100 | @a20030409d2002 km y0chiy0120 ea | |
| 101 | 0 | @achi@ceng |
| 105 | @aa z 000yy | |
| 200 | 1 | @a毕加索@ABi Jia Suo@e生平与创作@ESheng Ping Yu Chuang Zuo@f(英)罗兰特·潘罗斯著@F(Ying)Luo Lan Te·Pan Luo Si Zhu@g周国珍,林相周译 |
| 210 | @a桂林@c广西师范大学出版社@d2002 | |
| 215 | @a428页@c彩图@d21cm | |
| 225 | @a贝贝特·艺术广场 | |
| 410 | @12001 @a贝贝特·艺术广场 | |
| 517 | @a生平与创作@ASheng Ping Yu Chuang Zuo | |
| 600 | 0 | @a巴勃罗·毕加索@f(1881~1973)@x生平事迹 |
| 600 | 0 | @a巴勃罗·毕加索@f(1881~1973)@x艺术评论 |
| 606 | 0 | @a人物传记 |
| 690 | @aK835.515.72@v4 | |
| 701 | 0 | @a潘罗斯@4著 |
| 702 | 0 | @a周国珍@AZhou Guo Zhen@4译 |
| 702 | 0 | @a林相周@ALin Xiang Zhou@4译 |
| 801 | @aCN@bTSTC@c20030409 | |
| 905 | @dK835.515.72@e319PL@f5@b345939-943 | |
| 毕加索:生平与创作/(英)罗兰特·潘罗斯著/周国珍,林相周译.-桂林:广西师范大学出版社,2002 |
| 428页:彩图;21cm.-(贝贝特·艺术广场) |
| ISBN 7-5633-3724-5:CNY29.80 |
| ● |
| 相关链接 |
|
|
|
|
正题名:毕加索
索取号:K835.515.72/319PL
 
预约/预借
| 序号 | 登录号 | 条形码 | 馆藏地/架位号 | 状态 | 备注 |
| 1 | 0322526 | 203225269 | 密集书库/ [索取号:K835.515.72/319PL] | 在馆 | |
| 2 | 0322527 | 203225278 | 密集书库/ [索取号:K835.515.72/319PL] | 在馆 | |
| 3 | 0322528 | 203225287 | 第二样本阅览室/ [索取号:K835.515.72/319PL] | 在馆 | |
| 4 | 0345939 | 203459391 | 密集书库/ [索取号:K835.515.72/319PL] | 在馆 | |
| 5 | 0345940 | 203459408 | 第二借阅区/ [索取号:K835.515.72/319PL] | 在馆 | |
| 6 | 0345941 | 203459417 | 密集书库/ [索取号:K835.515.72/319PL] | 在馆 | |
| 7 | 0345942 | 203459426 | 第二借阅区/ [索取号:K835.515.72/319PL] | 在馆 | |
| 8 | 0345943 | 203459435 | 第二借阅区/ [索取号:K835.515.72/319PL] | 在馆 |